Guardians of power (Record no. 118030)
[ view plain ]
| 000 -LEADER | |
|---|---|
| fixed length control field | 02109nam a2200385 a 4500 |
| 100 1# - MAIN ENTRY--AUTHOR NAME | |
| Personal name | Edwards, David, |
| 245 10 - TITLE STATEMENT | |
| Title | Guardians of power |
| 260 ## - PUBLICATION, DISTRIBUTION, ETC. (IMPRINT) | |
| Place of publication | London ; |
| -- | Ann Arbor, Mich. : |
| Name of publisher | Pluto Press, |
| Year of publication | 2006. |
| 300 ## - PHYSICAL DESCRIPTION | |
| Number of Pages | xii, 241 p. |
| 505 0# - FORMATTED CONTENTS NOTE | |
| Formatted contents note | The mass media : neutral, honest, psychopathic -- Iraq : the sanctions of mass destruction -- Iraq disarmed : burying the 1991-98 weapons inspections -- Iraq : gunning for war and burying the dead -- Afghanistan : let them eat grass -- Kosovo : real bombs, fictional genocide -- East Timor : the practical limits of crusading humanitarianism -- Haiti : the hidden logic of exploitation -- Idolatry ink : Reagan, the 'cheerful conservative' and 'Chubby Bubba' Clinton -- Climate change : the ultimate media betrayal -- Disciplined media : professional conformity to power -- Towards a compassionate media -- Full human dissent. |
| 650 #0 - SUBJECT ADDED ENTRY--TOPICAL TERM | |
| Topical Term | Press and politics |
| Topical Term | Journalism |
| Topical Term | Journalistic ethics |
| 700 1# - ADDED ENTRY--PERSONAL NAME | |
| Personal name | Cromwell, David, |
| 856 40 - ELECTRONIC LOCATION AND ACCESS | |
| Uniform Resource Identifier | http://site.ebrary.com/lib/rucke/Doc?id=10479951 |
No items available.
